|
|
|
|
| LEADER |
00000cam a2200000 7i4500 |
| 001 |
0000022391 |
| 005 |
20080727.0 |
| 008 |
080727 |
| 020 |
|
|
|a 983334724X
|
| 090 |
0 |
0 |
|a 899.2809
|b MOH
|
| 100 |
0 |
|
|a Mohd. Jasmin B. Jasni
|
| 245 |
1 |
0 |
|a Sulalatus Salatin (Sejarah Melayu) STPM
|c Mohd. Jasmin B. Jasni
|
| 260 |
|
|
|a Selangor :
|b Marshall Cavendish (Malaysia) Sdn. Bhd ,
|c 2008
|
| 440 |
|
|
|a Kupasan grafikal Kesusasteraan Melayu STPM
|
| 650 |
|
0 |
|a Malay literature
|x History and criticism
|
| 650 |
|
0 |
|a Malay prose literature
|x History and criticism
|
| 999 |
|
|
|a 0001035987
|b Book
|c Teenagers
|e Cawangan Kota Tinggi
|
| 999 |
|
|
|a 0001035989
|b Book
|c Teenagers
|e Perbadanan Perpustakaan Awam Johor
|
| 999 |
|
|
|a 0001035990
|b Book
|c Adult Collection
|e Cawangan Segamat
|
| 999 |
|
|
|a 0001035991
|b Book
|c Teenagers
|e Cawangan Batu Pahat
|